00802nam a2200193 a 450000100100000000500170001000800410002702000150006804000250008324501220010826000720023030000210030250400320032370000310035571000600038671000400044695201050048699900170059100004101720201002034544.0130913s1976 sp 001 0 spa d a8400036263 aDO-SdBNPbspacBNPHU00aBibliografía del Arte en España :bArticulos de revistas clasificados por materias /cMaria Paz Aguilo...[et.al]. aMadrid :bConsejo Superior de Investigaciones Científicas,c1976. a664 p. ;c27 cm. aBibliografía : p. 909-9421 aPaz Aguilo, María9674812 aConsejo Superior de Investigaciones Científicas947862 aInstituto Diego Velázquez,967482 001050718MOaGRbGRcCTd2013-09-13iLF1l0o p41017-10r2020-06-25w2020-06-25y1ZNo se presta c40507d40507